000 00339nam a2200121Ia 4500
008 220217s9999||||xx |||||||||||||| ||und||
082 _a510 ALL
100 _aAllied publishers
245 0 _aHand bmook of formulas and concepts in mathematics
260 _aAllied publishers
_bBangalore
_c1999
300 _b35
650 _aMATHEMATICS
999 _c165415
_d165415